| 000 | 00456nam a2200157Ia 4500 | ||
|---|---|---|---|
| 008 | 220216s9999 xx 000 0 und d | ||
| 100 | _aSulaiman O | ||
| 245 | 0 | _aLeaching and efficacy of selected Malaysian tropical hardwoods treated with CCA-C | |
| 260 |
_bJournal of the Institute of Wood Science _c2002 |
||
| 300 | _a104-109 | ||
| 500 | _acab cd 2002/08-2003/10 | ||
| 700 | _aChing T S | ||
| 700 | _aHashim R | ||
| 700 | _aYamamoto K | ||
| 942 | _cBO | ||
| 999 |
_c47893 _d47893 |
||